Semillas de hortalizas Manual de producción.
Guardat en:
| Autor principal: | |
|---|---|
| Format: | Llibre |
| Idioma: | espanyol |
| Publicat: |
Valparaíso, Chile
Ediciones Universitarias de Valparaíso
2001
|
| Edició: | Primera edición |
| Col·lecció: | Serie Ciencias Naturales
|
| Matèries: | |
| Accés en línia: | Disponible Online |
| Etiquetes: |
Afegir etiqueta
Sense etiquetes, Sigues el primer a etiquetar aquest registre!
|
MARC
| LEADER | 00000cam a2200000 a 4500 | ||
|---|---|---|---|
| 001 | UCN1051 | ||
| 003 | CL-VaPUC | ||
| 005 | 20241115125030.0 | ||
| 008 | 010420e20010000CL |||||||||||||||||spa|d | ||
| 999 | |c 294644 |d 294642 | ||
| 020 | |a 9561703165 | ||
| 040 | |c Pontificia Universidad Católica de Valparaíso | ||
| 082 | 0 | 4 | |a 635.6 PEÑ 2001 |2 21 |
| 100 | |a Peñaloza Aspe, Patricia Mercedes |e autora |9 784625 | ||
| 245 | 1 | 0 | |a Semillas de hortalizas |b Manual de producción. |
| 250 | |a Primera edición | ||
| 260 | 0 | 3 | |a Valparaíso, Chile |b Ediciones Universitarias de Valparaíso |c 2001 |
| 300 | |a 161 páginas | ||
| 440 | |a Serie Ciencias Naturales |9 861241 | ||
| 583 | |a last modification |c 20130911 11:51:47 |k Rodrigo Vera | ||
| 650 | 0 | |a Semillas |9 264396 | |
| 650 | 0 | |a Producción de semillas |2 CL-VaPUC |9 403448 | |
| 650 | 0 | |a Horticultura |9 259721 | |
| 856 | |u https://bibliografiadigital.pucv.cl/index.php/bibliotecapucv/catalog/book/478 |y Disponible Online | ||
| 942 | |c BK |2 ddc | ||
| 945 | |d 20010420 00:00:00 |a vberengu | ||
| 952 | |0 0 |1 0 |2 ddc |4 0 |6 635_600000000000000_PEÑ_2001 |7 0 |8 A |9 347215 |a BIBCUR |b BIBCUR |d 2019-11-20 |i 3714896 |o 635.6 PEÑ 2001 |p 3714896 |r 2025-04-22 |t 3 |w 2019-11-20 |y BK |k BCB | ||
| 952 | |0 0 |1 0 |2 ddc |4 0 |6 635_600000000000000_PEÑ_2001 |7 0 |8 A |9 347216 |a BIBCUR |b BIBCUR |d 2019-11-20 |i 371490K |o 635.6 PEÑ 2001 |p 371490K |r 2025-04-22 |t 1 |w 2019-11-20 |y BK |k BCB | ||
| 952 | |0 0 |1 0 |2 ddc |4 0 |6 635_600000000000000_PEÑ_2001 |7 0 |8 A |9 347217 |a BIBAGR |b BIBAGR |d 2019-11-20 |i 3714918 |l 1 |o 635.6 PEÑ 2001 |p 3714918 |r 2025-01-20 |s 2023-09-25 |t 4 |w 2019-11-20 |y BK |k AGR | ||
| 952 | |0 0 |1 0 |2 ddc |4 0 |6 635_600000000000000_PEÑ_2001 |7 0 |8 A |9 347218 |a BIBAGR |b BIBAGR |d 2019-11-20 |i 3714926 |l 3 |m 1 |o 635.6 PEÑ 2001 |p 3714926 |r 2025-01-20 |s 2023-11-21 |t 5 |w 2019-11-20 |y BK |k AGR | ||
| 952 | |0 0 |1 0 |2 ddc |4 0 |6 635_600000000000000_PEÑ_2001 |7 0 |8 A |9 347219 |a BIBAGR |b BIBAGR |d 2019-11-20 |i 3714934 |l 2 |m 6 |o 635.6 PEÑ 2001 |p 3714934 |r 2025-01-20 |s 2021-10-08 |t 6 |w 2019-11-20 |y BK |k AGR | ||
| 952 | |0 0 |1 0 |2 ddc |4 0 |6 635_600000000000000_PEÑ_2001 |7 0 |8 A |9 347220 |a BIBAGR |b BIBAGR |d 2019-11-20 |i 3714942 |l 1 |o 635.6 PEÑ 2001 |p 3714942 |r 2025-01-20 |s 2024-10-10 |t 7 |w 2019-11-20 |y BK |k AGR | ||
| 952 | |0 0 |1 0 |2 ddc |4 0 |6 635_600000000000000_PEÑ_2001 |7 0 |8 A |9 347221 |a BIBAGR |b BIBAGR |d 2019-11-20 |i 3714950 |l 2 |o 635.6 PEÑ 2001 |p 3714950 |r 2025-01-20 |s 2024-10-10 |t 8 |w 2019-11-20 |y BK |k AGR | ||
| 952 | |0 0 |1 0 |2 ddc |4 0 |6 635_600000000000000_PEÑ_2001 |7 0 |8 A |9 347222 |a BIBAGR |b BIBAGR |d 2019-11-20 |i 3714969 |o 635.6 PEÑ 2001 |p 3714969 |r 2025-01-20 |t 9 |w 2019-11-20 |y BK |k AGR | ||
| 952 | |0 0 |1 0 |2 ddc |4 0 |6 635_600000000000000_PEÑ_2001 |7 0 |8 A |9 347223 |a BIBAGR |b BIBAGR |d 2019-11-20 |i 3714977 |o 635.6 PEÑ 2001 |p 3714977 |r 2025-01-20 |t 10 |w 2019-11-20 |y BK |k AGR | ||
| 952 | |0 0 |1 0 |2 ddc |4 0 |6 635_600000000000000_PEÑ_2001 |7 0 |8 A |9 347224 |a BIBAGR |b BIBAGR |d 2019-11-20 |i 3714985 |l 3 |m 1 |o 635.6 PEÑ 2001 |p 3714985 |r 2025-01-20 |s 2024-03-25 |t 11 |w 2019-11-20 |y BK |k AGR | ||
| 952 | |0 0 |1 0 |2 ddc |4 0 |6 635_600000000000000_PEÑ_2001 |7 0 |8 A |9 347225 |a BIBAGR |b BIBAGR |d 2019-11-20 |i 3714993 |l 3 |o 635.6 PEÑ 2001 |p 3714993 |r 2025-01-20 |s 2022-09-26 |t 12 |w 2019-11-20 |y BK |k AGR | ||
| 952 | |0 0 |1 0 |2 ddc |4 0 |6 635_600000000000000_PEÑ_2001 |7 0 |8 A |9 347226 |a BIBAGR |b BIBAGR |d 2019-11-20 |i 3715000 |l 1 |o 635.6 PEÑ 2001 |p 3715000 |r 2025-01-20 |s 2022-06-08 |t 13 |w 2019-11-20 |y BK |k AGR | ||
| 952 | |0 0 |1 0 |2 ddc |4 0 |6 635_600000000000000_PEÑ_2001 |7 0 |8 A |9 347227 |a BIBAGR |b BIBAGR |d 2019-11-20 |i 3715019 |o 635.6 PEÑ 2001 |p 3715019 |r 2025-01-20 |t 14 |w 2019-11-20 |y BK |k AGR | ||
| 952 | |0 0 |1 0 |2 ddc |4 0 |6 635_600000000000000_PEÑ_2001 |7 0 |8 A |9 347228 |a BIBAGR |b BIBAGR |d 2019-11-20 |i 3715027 |o 635.6 PEÑ 2001 |p 3715027 |r 2025-01-20 |t 15 |w 2019-11-20 |y BK |k AGR | ||
| 952 | |0 0 |1 0 |2 ddc |4 0 |6 635_600000000000000_PEÑ_2001 |7 0 |8 A |9 347229 |a BIBAGR |b BIBAGR |d 2019-11-20 |i 3715035 |l 3 |o 635.6 PEÑ 2001 |p 3715035 |r 2025-01-20 |s 2023-08-16 |t 16 |w 2019-11-20 |y BK |k AGR | ||
| 952 | |0 0 |1 0 |2 ddc |4 0 |6 635_600000000000000_PEÑ_2001 |7 0 |8 A |9 347230 |a BIBAGR |b BIBAGR |d 2019-11-20 |i 3715043 |l 1 |o 635.6 PEÑ 2001 |p 3715043 |r 2025-01-20 |s 2022-11-10 |t 17 |w 2019-11-20 |y BK |k AGR | ||
| 952 | |0 0 |1 0 |2 ddc |4 0 |6 635_600000000000000_PEÑ_2001 |7 0 |8 A |9 347231 |a BIBAGR |b BIBAGR |d 2019-11-20 |i 3715051 |o 635.6 PEÑ 2001 |p 3715051 |r 2025-01-20 |t 18 |w 2019-11-20 |y BK |k AGR | ||
| 952 | |0 0 |1 0 |2 ddc |4 0 |6 635_600000000000000_PEÑ_2001 |7 0 |8 A |9 347232 |a BIBAGR |b BIBAGR |d 2019-11-20 |i 371506K |l 3 |o 635.6 PEÑ 2001 |p 371506K |r 2025-01-20 |s 2023-11-27 |t 2 |w 2019-11-20 |y BK |k AGR | ||
| 952 | |0 0 |1 0 |2 ddc |4 0 |6 635_600000000000000_PEÑ_2001 |7 0 |8 A |9 347233 |a BIBAGR |b BIBAGR |d 2019-11-20 |i 3715078 |o 635.6 PEÑ 2001 |p 3715078 |r 2025-01-20 |t 19 |w 2019-11-20 |y BK |k AGR | ||
| 952 | |0 0 |1 0 |2 ddc |4 0 |6 635_600000000000000_PEÑ_2001 |7 0 |8 A |9 347234 |a BIBAGR |b BIBAGR |d 2019-11-20 |i 3715086 |o 635.6 PEÑ 2001 |p 3715086 |r 2025-01-20 |t 20 |w 2019-11-20 |y BK |k AGR | ||
| 952 | |0 0 |1 0 |2 ddc |4 0 |6 635_600000000000000_PEÑ_2001 |7 0 |8 A |9 347235 |a BIBAGR |b BIBAGR |d 2019-11-20 |i 3715094 |o 635.6 PEÑ 2001 |p 3715094 |r 2025-01-20 |t 21 |w 2019-11-20 |y BK |k AGR | ||
| 952 | |0 0 |1 0 |2 ddc |4 0 |6 635_600000000000000_PEÑ_2001 |7 0 |8 A |9 347236 |a BIBAGR |b BIBAGR |d 2019-11-20 |i 3715108 |o 635.6 PEÑ 2001 |p 3715108 |r 2025-01-20 |t 22 |w 2019-11-20 |y BK |k AGR | ||
| 952 | |0 0 |1 0 |2 ddc |4 0 |6 635_600000000000000_PEÑ_2001 |7 0 |8 A |9 347237 |a BIBAGR |b BIBAGR |d 2019-11-20 |i 3717275 |l 3 |m 1 |o 635.6 PEÑ 2001 |p 3717275 |r 2025-01-20 |s 2022-12-13 |t 23 |w 2019-11-20 |y BK |k AGR | ||
| 952 | |0 0 |1 0 |2 ddc |4 0 |6 635_600000000000000_PEÑ_2001 |7 0 |8 A |9 347239 |a BIBAGR |b BIBAGR |d 2019-11-20 |i 3717291 |o 635.6 PEÑ 2001 |p 3717291 |r 2025-01-20 |t 25 |w 2019-11-20 |y BK |k AGR | ||
| 952 | |0 0 |1 0 |2 ddc |4 0 |6 635_600000000000000_PEÑ_2001 |7 0 |8 A |9 347240 |a BIBAGR |b BIBAGR |d 2019-11-20 |i 3717305 |o 635.6 PEÑ 2001 |p 3717305 |r 2025-01-20 |t 26 |w 2019-11-20 |y BK |k AGR | ||
| 952 | |0 0 |1 0 |2 ddc |4 0 |6 635_600000000000000_PEÑ_2001 |7 0 |8 A |9 347241 |a BIBAGR |b BIBAGR |d 2019-11-20 |i 3717313 |l 5 |o 635.6 PEÑ 2001 |p 3717313 |r 2025-01-20 |s 2022-09-26 |t 27 |w 2019-11-20 |y BK |k AGR | ||
| 952 | |0 0 |1 0 |2 ddc |4 0 |6 635_600000000000000_PEÑ_2001 |7 0 |8 A |9 347242 |a BIBALI |b BIBALI |c GEN |d 2019-11-20 |i 4001613 |o 635.6 PEÑ 2001 |p 4001613 |r 2025-01-20 |t 50 |w 2019-11-20 |y BK |k ALI | ||
| 952 | |0 0 |1 0 |2 ddc |4 0 |6 635_600000000000000_PEÑ_2001 |7 0 |8 X |9 347263 |a FDOBUD |b FDOBUD |d 2019-11-20 |i 4546970 |o 635.6 PEÑ 2001 |p 4546970 |r 2019-11-20 |t 49 |w 2019-11-20 |y BK_X |k BUD | ||
| 952 | |0 0 |1 0 |2 ddc |4 0 |6 635_600000000000000_PEÑ_2001 |7 0 |8 A |9 347264 |a BIBAGR |b BIBAGR |d 2019-11-20 |i 4718496 |l 4 |o 635.6 PEÑ 2001 |p 4718496 |r 2025-01-20 |s 2023-11-23 |t 28 |w 2019-11-20 |y BK |k AGR | ||